Approaches to Environmental Production and Logistics in Business Development in Slovakia

Salvato in:
Dettagli Bibliografici
Autore principale: Barteková, Mária, 1992-
Altri autori: Janikovičová, Sabina, 2000-, Soviar, Jakub, Vavrek, Roman
Natura: Libro
Lingua:inglese
Pubblicazione: [Praha] Professional Publishing 2025
Edizione:1st Edition
Soggetti:
Tags: Aggiungi Tag
Nessun Tag, puoi essere il primo ad aggiungerne!!

MARC

LEADER 00000nam a2200000 4500
001 0313663
005 20260126105238.9
020 |a 978-80-88260-83-7 
041 0 |a eng 
044 |a CZ 
245 1 0 |a Approaches to Environmental Production and Logistics in Business Development in Slovakia  |c Mária Barteková, Sabina Janikovičová ; Reviewers: Jakub Soviar, Roman Vavrek 
250 |a 1st Edition 
264 1 |a [Praha]  |b Professional Publishing  |c 2025 
300 |a 110 s. [4,21 AH] 
610 2 0 |a produkcia 
610 2 0 |a politika environmentálna 
610 2 0 |a logistika 
610 2 0 |a logistika zelená 
610 2 0 |a rozvoj podniku 
610 2 0 |a rozvoj trvalo udržateľný 
610 2 0 |a výskum 
610 2 0 |a metódy výskumu 
610 2 0 |a Slovensko 
100 1 |a Barteková, Mária, 1992- 
700 1 |a Janikovičová, Sabina, 2000- 
700 1 |a Soviar, Jakub 
700 1 |a Vavrek, Roman